000 00393nam a2200121Ia 4500
008 230907s9999||||xx |||||||||||||| ||und||
082 _a697
_bMON
100 _aMcDowall, Robert,
_986933
245 0 _aFundamentals of HVAC control systems /
260 _aAmerican Society of Heating, Refrigerating and Air-Conditioning Engineers,
_bAtlanta, GA :
_c2011
300 _aviii, 348 p. :
942 _cBK
999 _c599510
_d599510